00404ntaaa2200157 45000030003000000050017000030080021000200400037000410820017000781000019000952450019001142500038001333000011001715000051001826500013002330120251027202437.00714s1973 ag 01  aAR-BaBNbspacAR-BaBNeaacrdRIC a266.0000 H91 aHant, W. Boyd  aSixteen to one a1 ed. : bBroadman Press, cc1953 a115 p. a"mission study book ofr young people for 1953" aMisiones